[Event "London Classic op 10th"]
[Site "London"]
[Date "2018.12.15"]
[Round "7"]
[White "Kirupakaran, Vishnu"]
[Black "Stener, Harald"]
[Result "1-0"]
[WhiteElo "1794"]
[BlackElo "1928"]
[PlyCount "51"]
[EventDate "2018.12.09"]
[EventType "swiss"]
[EventRounds "9"]
[EventCountry "ENG"]
[SourceTitle "CBM 187 Extra"]
[Source "ChessBase"]
[SourceDate "2018.11.04"]
[SourceVersion "1"]
[SourceVersionDate "2018.11.04"]
[SourceQuality "1"]

1. e4 c6 2. d4 d5 3. Nc3 Nf6 4. e5 Ne4 5. Nxe4 dxe4 6. Bc4 Bf5 7. Ne2 e6 8. Ng3 Bg6 9. c3 Nd7 10. Qg4 Nb6 11. Bb3 Qc7 12. Nxe4 0-0-0 13. Be3 h5 14. Qf3 Bh7 15. Ng5 Bg6 16. Qg3 Re8 17. Nxe6 fxe6 18. Qxg6 Qd7 19. 0-0 Kb8 20. f4 Rh6 21. Qg3 Rh7 22. f5 exf5 23. e6+ Bd6 24. exd7 Bxg3 25. dxe8Q+ Nc8 26. Be6 1-0